Online
Catalog

Diálogo al pie de la letra / (Record no. 25427)

MARC details
000 -CABECERA
campo de control de longitud fija 00908nam a2200193 a 4500
001 - NÚMERO DE CONTROL
campo de control 000025935
005 - FECHA Y HORA DE LA ÚLTIMA TRANSACCIÓN
campo de control 20200930024150.0
008 - DATOS DE LONGITUD FIJA--INFORMACIÓN GENERAL
campo de control de longitud fija 110224s1988 cu ac r 000 f spa d
040 ## - FUENTE DE LA CATALOGACIÓN
Centro catalogador/agencia de origen DO-SdBNP
Lengua de catalogación spa
Centro/agencia transcriptor BNPHU
082 ## - NÚMERO DE LA CLASIFICACIÓN DECIMAL DEWEY
Número de clasificación NNN
Número de documento/Ítem C172d
049 ## - FONDOS LOCALES (OCLC)
Fondos de biblioteca BNGR
100 1# - ENTRADA PRINCIPAL--NOMBRE DE PERSONA
Nombre de persona Cámara, Madeline
Fechas asociadas al nombre 1947-
9 (RLIN) 52795
245 10 - MENCIÓN DE TÍTULO
Título Diálogo al pie de la letra /
Mención de responsabilidad, etc. Madeline Cámara.
260 ## - PUBLICACIÓN, DISTRIBUCIÓN, ETC.
Lugar de publicación, distribución, etc. La Habana, Cuba :
Nombre del editor, distribuidor, etc. Letras Cubanas,
Fecha de publicación, distribución, etc. 1988.
300 ## - DESCRIPCIÓN FÍSICA
Extensión 137, [4] p. :
Otras características físicas il., retrs. ;
Dimensiones 19 cm.
490 1# - MENCIÓN DE SERIE
Mención de serie Espiral
500 ## - NOTA GENERAL
Nota general Los cabelleros de la Mesa Redonda -- La cita del comendador -- Diálogo con un extraterrestre -- Fail top secret : confesiones de un escrítor policiaco -- La hora de las reflexiones -- Los leños de los hoguera -- Una pelea cubana contra los demonios : profesionalismo os versatilidada -- Mano a mano entre dos novelistas debutantes -- Los crítcos tienen la palabra.
830 #0 - PUNTO DE ACCESO ADICIONAL DE SERIE-TÍTULO UNIFORME
Título uniforme Espiral
9 (RLIN) 14718
Holdings
Estado de retiro Estado de pérdida Restricciones de uso No para préstamo Código de colección Localización permanente Ubicación/localización actual Ubicación en estantería Fecha de adquisición Número de inventario Total de préstamos Signatura topográfica completa Código de barras Fecha visto por última vez Precio válido a partir de Tipo de ítem Koha
        Monografías: Libros y Folletos General General En catalogación 24.02.2011 LF1   NNN C172d 25935-10 25.06.2020 25.06.2020 Préstamo en sala

Powered by Koha